000 00360nam a2200157 4500
999 _c56844
_d56844
005 20210629141133.0
008 190510c2019 fr ||||| |||| 00| 0 fre d
041 _afre
245 _aLe Point.
260 _aparis,
_c2019.
300 _aV.
653 _aLe Point
653 _aპერიოდიკა
653 _aПериодика
942 _2udc
_cCR